[Event "NOR-ch U10"]
[Site "Stavanger"]
[Date "2017.07.03"]
[Round "4"]
[White "Aasen, Joakim"]
[Black "Cithu, Arjun Vijay"]
[Result "1/2-1/2"]
[WhiteElo "1158"]
[BlackElo "903"]
[PlyCount "123"]
[EventDate "2017.07.01"]
[EventType "swiss"]
[EventRounds "9"]
[EventCountry "NOR"]
[SourceTitle "EXT 2024"]
[Source "ChessBase"]
[SourceDate "2023.10.10"]
[SourceVersion "1"]
[SourceVersionDate "2023.10.10"]
[SourceQuality "1"]

1. e4 c5 2. Nc3 g6 3. g3 Bg7 4. Bg2 Nc6 5. d3 Nf6 6. Be3 d6 7. h3 0-0 8. Qd2 Bd7 9. Bh6 Ne8 10. Bxg7 Nxg7 11. f4 f5 12. Nf3 e6 13. 0-0 Ne7 14. e5 d5 15. d4 cxd4 16. Nxd4 a6 17. Nb3 Qc7 18. Qf2 Rac8 19. Rad1 b6 20. Rfe1 Rfd8 21. Bf1 b5 22. Rd2 b4 23. Ne2 a5 24. Ned4 Rb8 25. Nf3 Rdc8 26. Ba6 Rd8 27. Nc5 Qb6 28. Nxd7 Qxf2+ 29. Kxf2 Rxd7 30. Nd4 Ra7 31. Be2 Ne8 32. Nxe6 Rb6 33. Ng5 h6 34. Nf3 Nc7 35. Rc1 Ne6 36. Nd4 Nc5 37. Bd3 Ne4+ 38. Bxe4 dxe4 39. Rcd1 Nd5 40. Ke2 a4 41. Ne6 Rxe6 42. Rxd5 a3 43. b3 Rc7 44. Rd8+ Kf7 45. R8d7+ Re7 46. Rxe7+ Rxe7 47. Rd4 Rc7 48. Rc4 Rb7 49. c3 bxc3 50. Rxc3 Rb4 51. Rc4 Rxc4 52. bxc4 Ke6 53. Ke3 Kd7 54. c5 Kc6 55. e6 Kc7 56. Kd4 Kc6 57. g4 h5 58. Ke3 hxg4 59. hxg4 Kc7 60. gxf5 gxf5 61. Kd4 Kc6 62. Ke3 1/2-1/2

[Event "Helsingor Xtracon op"]
[Site "Helsingor"]
[Date "2016.07.27"]
[Round "6"]
[White "Opseth, Erik"]
[Black "Cithu, Arjun Vijay"]
[Result "0-1"]
[WhiteElo "1064"]
[BlackElo "1330"]
[PlyCount "63"]
[EventDate "2016.07.23"]
[EventType "swiss"]
[EventRounds "10"]
[EventCountry "DEN"]
[SourceTitle "CBM 173 Extra"]
[Source "ChessBase"]
[SourceDate "2016.08.29"]
[SourceVersion "1"]
[SourceVersionDate "2016.08.29"]
[SourceQuality "1"]

1. d4 d5 2. c4 e6 3. Nc3 Nf6 4. e3 Nbd7 5. Be2 c6 6. Nf3 Be7 7. 0-0 0-0 8. Bd2 dxc4 9. Bxc4 b5 10. Bb3 a6 11. Re1 c5 12. a3 c4 13. Bc2 Bb7 14. b3 Rc8 15. bxc4 Rxc4 16. Bc1 Rxc3 17. Ng5 h6 18. Bb2 Rc8 19. Nh7 Nxh7 20. Bxh7+ Kxh7 21. d5 Bxd5 22. Qd4 Bf6 23. Qd3+ Kg8 24. Bd4 Bxd4 25. exd4 Bc4 26. Qe4 Nf6 27. Qb7 Qd6 28. a4 Bd5 29. Qxc8 Rxc8 30. axb5 axb5 31. Rec1 Rxc1+ 32. Rxc1 0-1